[Event "POL-chT 2nd League"]
[Site "Miedzyzdroje"]
[Date "2009.09.12"]
[Round "1"]
[White "Borkowski, Franciszek"]
[Black "Czartoryski, Pawel"]
[Result "1-0"]
[WhiteElo "2319"]
[BlackElo "2113"]
[PlyCount "67"]
[EventDate "2009.09.12"]
[EventType "team-swiss"]
[EventRounds "9"]
[EventCountry "POL"]
[SourceTitle "EXT 2019"]
[Source "ChessBase"]
[SourceDate "2018.10.10"]
[SourceVersion "1"]
[SourceVersionDate "2018.10.10"]
[SourceQuality "1"]
[WhiteTeam "Wroclaw Hetman"]
[BlackTeam "Olsztyn AZS UWM"]
[WhiteTeamCountry "POL"]
[BlackTeamCountry "POL"]

1. e4 g6 2. d4 Bg7 3. f4 c5 4. dxc5 Qa5+ 5. c3 Qxc5 6. Nf3 d6 7. Bd3 Nf6 8. Qe2 0-0 9. Be3 Qc6 10. Nbd2 Nbd7 11. Nd4 Qc7 12. Nb5 Qa5 13. 0-0 a6 14. b4 Qd8 15. Na3 Nb6 16. Rac1 Ng4 17. Bd4 e5 18. fxe5 Nxe5 19. Qe3 Nbd7 20. Nac4 Qh4 21. g3 Qh3 22. Nxd6 Bh6 23. Qe2 Ng4 24. Rcd1 Nde5 25. Bc2 Rd8 26. Nxf7 Nxf7 27. Bb3 Rf8 28. Rxf7 Rxf7 29. Rf1 Bf5 30. exf5 g5 31. Nf3 Kf8 32. Bxf7 Kxf7 33. Qe6+ Kf8 34. f6 1-0

[Event "Ketrzyn op-A 11th"]
[Site "Ketrzyn"]
[Date "2008.12.27"]
[Round "2.5"]
[White "Gawronski, Miroslaw"]
[Black "Czartoryski, Pawel"]
[Result "0-1"]
[WhiteElo "2240"]
[BlackElo "2077"]
[PlyCount "82"]
[EventDate "2008.12.27"]
[EventType "swiss"]
[EventRounds "9"]
[EventCountry "POL"]
[SourceTitle "EXT 2023"]
[Source "ChessBase"]
[SourceDate "2022.10.05"]
[SourceVersion "1"]
[SourceVersionDate "2022.10.05"]
[SourceQuality "1"]

1. d4 g6 2. e4 Bg7 3. c4 d6 4. Nc3 Nf6 5. g3 0-0 6. Bg2 Nc6 7. Nge2 e5 8. d5 Nd4 9. 0-0 Nxe2+ 10. Nxe2 Nd7 11. Be3 a5 12. Rb1 f5 13. f3 Nc5 14. Qd2 Rf7 15. b3 b6 16. Nc1 Qe7 17. a3 Ba6 18. b4 axb4 19. axb4 Na4 20. Qc2 f4 21. Bf2 fxg3 22. hxg3 b5 23. c5 Raf8 24. Be3 Bf6 25. Nd3 Bg5 26. f4 exf4 27. gxf4 Bh6 28. Rbe1 Qh4 29. cxd6 cxd6 30. Qc6 Bc8 31. Qxd6 Bh3 32. Rf3 Bxg2 33. Kxg2 Nb2 34. Bf2 Qg4+ 35. Rg3 Bxf4 36. Rxg4 Bxd6 37. Nxb2 Rxf2+ 38. Kg1 Rxb2 39. e5 Bxb4 40. Rd1 Bc5+ 41. Kh1 Rf5 0-1

[Event "Rewal op-A 13th"]
[Site "Rewal"]
[Date "2008.08.29"]
[Round "9"]
[White "Czartoryski, Pawel"]
[Black "Andrzejewska, Anna"]
[Result "1-0"]
[WhiteElo "2089"]
[BlackElo "1992"]
[PlyCount "89"]
[EventDate "2008.08.20"]
[EventType "swiss"]
[EventRounds "9"]
[EventCountry "POL"]
[SourceTitle "CBM 126 Extra"]
[Source "ChessBase"]
[SourceDate "2008.11.05"]
[SourceVersion "1"]
[SourceVersionDate "2008.11.05"]
[SourceQuality "1"]

1. d4 d5 2. c4 e6 3. Nc3 c6 4. e3 f5 5. Nf3 Nf6 6. Bd3 Bd6 7. Qc2 Ne4 8. 0-0 0-0 9. Rb1 Qe7 10. a3 Nd7 11. b4 Nxc3 12. Qxc3 dxc4 13. Bxc4 Kh8 14. Bb2 Nf6 15. Ne5 Ne4 16. Qc2 Qh4 17. f3 Nf6 18. Qf2 Qh6 19. Rbe1 g5 20. e4 g4 21. exf5 exf5 22. d5 a5 23. dxc6 bxc6 24. fxg4 axb4 25. axb4 Rb8 26. h4 Rxb4 27. g5 Rxb2 28. Qxb2 Bc5+ 29. Rf2 Qxh4 30. gxf6 Bxf2+ 31. Qxf2 Qxf2+ 32. Kxf2 Rxf6 33. Rd1 Kg7 34. Rd8 Be6 35. Be2 Bd5 36. Nd3 Be4 37. Nf4 Rf7 38. Bc4 Ra7 39. Ke3 Ra3+ 40. Kd4 Ra1 41. Ke5 Re1 42. Rd7+ Kh6 43. Kf6 Bd5 44. Nxd5 cxd5 45. Bxd5 1-0

[Event "Rewal op-A 13th"]
[Site "Rewal"]
[Date "2008.08.21"]
[Round "2"]
[White "Sochacki, Zenon"]
[Black "Czartoryski, Pawel"]
[Result "0-1"]
[WhiteElo "1956"]
[BlackElo "2089"]
[PlyCount "58"]
[EventDate "2008.08.20"]
[EventType "swiss"]
[EventRounds "9"]
[EventCountry "POL"]
[SourceTitle "CBM 126 Extra"]
[Source "ChessBase"]
[SourceDate "2008.11.05"]
[SourceVersion "1"]
[SourceVersionDate "2008.11.05"]
[SourceQuality "1"]

1. f4 Nf6 2. b3 g6 3. Bb2 Bg7 4. Nf3 0-0 5. e3 d6 6. d4 c5 7. c4 Nbd7 8. Bd3 cxd4 9. exd4 e5 10. dxe5 dxe5 11. Nxe5 Ng4 12. Be2 Ne3 13. Qd2 Nxe5 14. Bxe5 Bxe5 15. fxe5 Qh4+ 16. g3 Qe4 17. Rg1 Nc2+ 18. Kf2 Nxa1 19. Nc3 Qf5+ 20. Kg2 Nc2 21. Rf1 Qh3+ 22. Kg1 Nb4 23. Rf4 Qd7 24. Rd4 Qe7 25. Qh6 Qxe5 26. Rh4 Qg7 27. Qd2 Bf5 28. a3 Rad8 29. Qc1 Nd3 0-1

[Event "Rewal op-A 13th"]
[Site "Rewal"]
[Date "2008.08.20"]
[Round "1"]
[White "Czartoryski, Pawel"]
[Black "Lahiri, Atanu"]
[Result "0-1"]
[WhiteElo "2089"]
[BlackElo "2338"]
[PlyCount "120"]
[EventDate "2008.08.20"]
[EventType "swiss"]
[EventRounds "9"]
[EventCountry "POL"]
[SourceTitle "CBM 126 Extra"]
[Source "ChessBase"]
[SourceDate "2008.11.05"]
[SourceVersion "1"]
[SourceVersionDate "2008.11.05"]
[SourceQuality "1"]

1. d4 Nf6 2. c4 g6 3. Nc3 Bg7 4. e4 d6 5. Be2 0-0 6. Nf3 e5 7. 0-0 Nc6 8. d5 Ne7 9. b4 a5 10. bxa5 Rxa5 11. a4 b6 12. Nd2 Ra8 13. Nb3 c5 14. dxc6 Nxc6 15. Be3 Be6 16. f3 Qb8 17. Nd5 Nd7 18. Qd2 Nc5 19. Rfb1 Nxa4 20. Ra2 Qb7 21. Rba1 Nc5 22. Rxa8 Nxb3 23. Rxf8+ Kxf8 24. Qd1 Nxa1 25. Qxa1 Nd4 26. Bd3 Bxd5 27. cxd5 Bf6 28. Bh6+ Ke7 29. Be3 Kf8 30. Qa4 Kg7 31. f4 Qc7 32. fxe5 dxe5 33. Qc4 Qd6 34. Qc3 b5 35. Bxd4 exd4 36. Qc6 Qb4 37. Kf1 Qd2 38. Qxb5 Qd1+ 39. Kf2 Bg5 40. Qb1 Be3+ 41. Kg3 Qh5 42. Qb8 Qg5+ 43. Kf3 Qf6+ 44. Kg3 g5 45. Kg4 Bf4 46. Qc8 h5+ 47. Kf3 Bxh2+ 48. Qf5 g4+ 49. Ke2 Qxf5 50. exf5 Kf6 51. Bc2 Bd6 52. Kd3 Kxf5 53. Kxd4+ Kf4 54. Bd3 Kg3 55. Be4 f5 56. Bxf5 Kxg2 57. Ke3 g3 58. Ke2 h4 59. Be4+ Kh2 60. Kf1 h3 0-1

[Event "Olsztyn-ch"]
[Site "Olsztyn"]
[Date "2008.05.25"]
[Round "5.1"]
[White "Czartoryski, Pawel"]
[Black "Budrewicz, Krzysztof"]
[Result "0-1"]
[WhiteElo "2096"]
[BlackElo "2324"]
[PlyCount "95"]
[EventDate "2008.04.19"]
[EventType "swiss"]
[EventRounds "9"]
[EventCountry "POL"]
[SourceTitle "EXT 2023"]
[Source "ChessBase"]
[SourceDate "2022.10.05"]
[SourceVersion "1"]
[SourceVersionDate "2022.10.05"]
[SourceQuality "1"]

1. d4 Nf6 2. c4 c5 3. d5 g6 4. Nc3 Bg7 5. e4 d6 6. h3 0-0 7. Nf3 e6 8. Bd3 exd5 9. cxd5 a6 10. a4 Re8 11. 0-0 c4 12. Bc2 Nbd7 13. Bf4 Qb6 14. Rb1 Nc5 15. Nd2 Qc7 16. Re1 Bd7 17. Nxc4 Ncxe4 18. Nxe4 Nxe4 19. Bxe4 Qxc4 20. Qf3 Be5 21. Bh6 Qxa4 22. Rbc1 Bg7 23. Bf4 Rac8 24. Rxc8 Bxc8 25. Rc1 Bxb2 26. Rc7 f5 27. Bd3 Qa1+ 28. Kh2 Be5 29. Qg3 Qa5 30. Rc2 Qd8 31. h4 Bd7 32. Re2 Bxf4 33. Qxf4 Rxe2 34. Bxe2 Qe7 35. Qc4 Be8 36. Bf3 a5 37. g3 b5 38. Qc8 b4 39. Bd1 Kg7 40. h5 a4 41. g4 fxg4 42. Bxg4 gxh5 43. Be6 b3 44. Qc3+ Qf6 45. Qg3+ Bg6 46. Qxd6 b2 47. Qc7+ Kh6 48. Qb6 0-1

[Event "Olsztyn-ch"]
[Site "Olsztyn"]
[Date "2008.04.26"]
[Round "6.5"]
[White "Darowicki, Mariusz"]
[Black "Czartoryski, Pawel"]
[Result "0-1"]
[WhiteElo "1952"]
[BlackElo "2096"]
[PlyCount "34"]
[EventDate "2008.04.19"]
[EventType "swiss"]
[EventRounds "9"]
[EventCountry "POL"]
[SourceTitle "EXT 2023"]
[Source "ChessBase"]
[SourceDate "2022.10.05"]
[SourceVersion "1"]
[SourceVersionDate "2022.10.05"]
[SourceQuality "1"]

1. e4 c5 2. Nf3 d6 3. d4 cxd4 4. Nxd4 Nf6 5. Nc3 g6 6. f4 Bg4 7. Be2 Bxe2 8. Qxe2 Qb6 9. Nb3 Bg7 10. Be3 Qa6 11. Nb5 Qc6 12. Na5 Qd7 13. e5 Ng4 14. exd6 0-0 15. 0-0-0 Nxe3 16. dxe7 Qxe7 17. Rhe1 Qb4 0-1

[Event "Olsztyn-ch"]
[Site "Olsztyn"]
[Date "2008.04.20"]
[Round "4.3"]
[White "Baturo, Tomasz"]
[Black "Czartoryski, Pawel"]
[Result "0-1"]
[WhiteElo "2076"]
[BlackElo "2096"]
[PlyCount "65"]
[EventDate "2008.04.19"]
[EventType "swiss"]
[EventRounds "9"]
[EventCountry "POL"]
[SourceTitle "EXT 2023"]
[Source "ChessBase"]
[SourceDate "2022.10.05"]
[SourceVersion "1"]
[SourceVersionDate "2022.10.05"]
[SourceQuality "1"]

1. e4 c5 2. Nc3 d6 3. g3 Nf6 4. Bg2 Nc6 5. d3 g6 6. h3 Bd7 7. Be3 Bg7 8. Qd2 0-0 9. Nge2 Qc8 10. d4 cxd4 11. Nxd4 Ne5 12. b3 a6 13. a4 Qc7 14. Nd5 Qd8 15. Bg5 e6 16. Nc3 Rc8 17. Nde2 Qa5 18. Rd1 h6 19. Be3 Rfd8 20. f4 Neg4 21. hxg4 Nxg4 22. Bd4 Bxd4 23. Qxd4 e5 24. Qd3 Qc5 25. Qf3 Ne3 26. Rd3 Nxc2+ 27. Kf1 Nb4 28. Rd2 Be6 29. f5 Bxb3 30. Rxh6 Kg7 31. Qg4 Qe3 32. Nf4 Bc4+ 33. Nfe2 0-1

[Event "Olsztyn-ch"]
[Site "Olsztyn"]
[Date "2008.04.20"]
[Round "3.2"]
[White "Czartoryski, Pawel"]
[Black "Paprocki, Jaroslaw"]
[Result "0-1"]
[WhiteElo "2096"]
[BlackElo "2215"]
[PlyCount "76"]
[EventDate "2008.04.19"]
[EventType "swiss"]
[EventRounds "9"]
[EventCountry "POL"]
[SourceTitle "EXT 2023"]
[Source "ChessBase"]
[SourceDate "2022.10.05"]
[SourceVersion "1"]
[SourceVersionDate "2022.10.05"]
[SourceQuality "1"]

1. d4 Nf6 2. c4 e6 3. Nc3 Bb4 4. Qc2 d5 5. cxd5 Qxd5 6. Nf3 Qf5 7. Qxf5 exf5 8. Bd2 Be6 9. a3 Be7 10. Bf4 c6 11. e3 Nbd7 12. Bd3 Nb6 13. 0-0 Bc4 14. Ne5 Bxd3 15. Nxd3 Ne4 16. Nxe4 fxe4 17. Nc5 Bxc5 18. dxc5 Nd5 19. Bd6 f5 20. b4 Kd7 21. Rab1 b5 22. Be5 Rhg8 23. Rfd1 Ke6 24. Bb2 a5 25. f3 axb4 26. axb4 Ra4 27. Ra1 Rga8 28. fxe4 fxe4 29. Bxg7 Rxa1 30. Bxa1 Ra4 31. Bd4 Nxb4 32. Rf1 Nc2 33. Rf6+ Kd5 34. Rd6+ Kc4 35. Kf2 b4 36. g4 Nxd4 37. exd4 b3 38. Rxc6 b2 0-1

[Event "Ketrzyn op"]
[Site "Ketrzyn"]
[Date "2007.12.27"]
[Round "2"]
[White "Kempinski, Tomasz"]
[Black "Czartoryski, Pawel"]
[Result "1-0"]
[WhiteElo "2259"]
[BlackElo "2066"]
[PlyCount "57"]
[EventDate "2007.12.27"]
[EventType "swiss"]
[EventRounds "9"]
[EventCountry "POL"]
[SourceTitle "CBM 122 Extra"]
[Source "ChessBase"]
[SourceDate "2008.03.04"]
[SourceVersion "1"]
[SourceVersionDate "2008.03.04"]
[SourceQuality "1"]

1. e4 c5 2. Nf3 d6 3. d4 cxd4 4. Nxd4 Nf6 5. Nc3 g6 6. Be2 Bg7 7. 0-0 0-0 8. Be3 Nc6 9. Nb3 Be6 10. f4 Rc8 11. f5 Bxb3 12. axb3 a6 13. g4 Nd7 14. Qd2 Nc5 15. Bh6 Nd4 16. Bc4 Nc6 17. Rf3 Ne5 18. Rh3 Nxg4 19. Bxg7 Kxg7 20. Qg5 Qb6 21. Kg2 h5 22. Rxh5 Nxb3 23. Qxg4 Rxc4 24. cxb3 Qxb3 25. Rg1 Qxb2+ 26. Kh1 Qxc3 27. fxg6 f5 28. Qf4 Rg8 29. Rh7+ 1-0

[Event "Rewal op-A 12th"]
[Site "Rewal"]
[Date "2007.08.29"]
[Round "9"]
[White "Czartoryski, Pawel"]
[Black "Musialkiewicz, Jan"]
[Result "0-1"]
[WhiteElo "2066"]
[BlackElo "1926"]
[PlyCount "54"]
[EventDate "2007.08.20"]
[EventType "swiss"]
[EventRounds "9"]
[EventCountry "POL"]
[SourceTitle "CBM 120 Extra"]
[Source "ChessBase"]
[SourceDate "2007.11.01"]
[SourceVersion "1"]
[SourceVersionDate "2007.11.01"]
[SourceQuality "1"]

1. d4 d5 2. c4 dxc4 3. Nc3 e5 4. e3 c5 5. d5 a6 6. a4 Bd6 7. Bxc4 Nd7 8. e4 Ne7 9. Nge2 0-0 10. 0-0 f5 11. f4 Kh8 12. Bd3 Nf6 13. fxe5 Bxe5 14. Bf4 Bd4+ 15. Kh1 fxe4 16. Bxe4 Nexd5 17. Bxd5 Nxd5 18. Nxd5 Qxd5 19. Nxd4 cxd4 20. Qd2 Bf5 21. Rf3 Be4 22. Rg3 Rf5 23. Kg1 Raf8 24. Rf1 d3 25. Qc3 Qd7 26. Qd2 Qd4+ 27. Kh1 Rxf4 0-1

[Event "Rewal op-A 12th"]
[Site "Rewal"]
[Date "2007.08.26"]
[Round "6"]
[White "Czartoryski, Pawel"]
[Black "Dombrowski, Bartosz"]
[Result "1-0"]
[WhiteElo "2066"]
[BlackElo "1942"]
[PlyCount "61"]
[EventDate "2007.08.20"]
[EventType "swiss"]
[EventRounds "9"]
[EventCountry "POL"]
[SourceTitle "CBM 120 Extra"]
[Source "ChessBase"]
[SourceDate "2007.11.01"]
[SourceVersion "1"]
[SourceVersionDate "2007.11.01"]
[SourceQuality "1"]

1. d4 Nf6 2. c4 g6 3. Nc3 Bg7 4. e4 d6 5. Be2 0-0 6. Nf3 e5 7. 0-0 Nbd7 8. d5 Nc5 9. Qc2 a5 10. b3 Nh5 11. Re1 f5 12. Bg5 Qe8 13. Nb5 Qf7 14. Nd2 Nf4 15. Bxf4 exf4 16. Rad1 g5 17. Bd3 Nxd3 18. Qxd3 b6 19. Nf3 h6 20. e5 dxe5 21. Nxe5 Bxe5 22. Rxe5 Ba6 23. Nd4 Bc8 24. Rde1 h5 25. b4 f3 26. Qxf3 f4 27. Re7 Qf6 28. Qe4 Rf7 29. d6 Ra7 30. Rxf7 Qxf7 31. Qe8+ 1-0

[Event "Rewal op-A 12th"]
[Site "Rewal"]
[Date "2007.08.21"]
[Round "1"]
[White "Kalvaitis, Sigitas"]
[Black "Czartoryski, Pawel"]
[Result "1-0"]
[WhiteElo "2267"]
[BlackElo "2066"]
[PlyCount "47"]
[EventDate "2007.08.20"]
[EventType "swiss"]
[EventRounds "9"]
[EventCountry "POL"]
[SourceTitle "CBM 120 Extra"]
[Source "ChessBase"]
[SourceDate "2007.11.01"]
[SourceVersion "1"]
[SourceVersionDate "2007.11.01"]
[SourceQuality "1"]

1. e4 c5 2. Nf3 d6 3. Bb5+ Bd7 4. Bxd7+ Nxd7 5. 0-0 g6 6. c3 Bg7 7. Qe2 e6 8. d4 Ne7 9. Bf4 Qb6 10. Na3 e5 11. dxe5 dxe5 12. Bg5 f6 13. Bh4 0-0 14. Rad1 Rad8 15. Rd2 Qe6 16. Rfd1 Nc8 17. Qc4 Qxc4 18. Nxc4 b5 19. Ncxe5 fxe5 20. Bxd8 Rxd8 21. Rxd7 Rxd7 22. Rxd7 Nb6 23. Rxa7 Na4 24. Ra8+ 1-0

[Event "Ostroda op"]
[Site "Ostroda"]
[Date "2007.08.09"]
[Round "6"]
[White "Czartoryski, Pawel"]
[Black "Jaroch, Karol"]
[Result "0-1"]
[WhiteElo "2066"]
[BlackElo "2174"]
[PlyCount "90"]
[EventDate "2007.08.06"]
[EventType "swiss"]
[EventRounds "9"]
[EventCountry "POL"]
[SourceTitle "EXT 2009"]
[Source "ChessBase"]
[SourceDate "2008.11.26"]
[SourceVersion "1"]
[SourceVersionDate "2008.11.26"]
[SourceQuality "1"]

1. d4 e6 2. c4 f5 3. Nf3 Nf6 4. Nc3 d5 5. Bf4 c6 6. c5 Be7 7. e3 0-0 8. Bd3 Ne4 9. Bxe4 fxe4 10. Ne5 b6 11. b4 a5 12. a3 Ba6 13. Qg4 Rf5 14. Ne2 Bxe2 15. Kxe2 Qc8 16. Rhb1 Nd7 17. Nxd7 Qxd7 18. cxb6 Qb7 19. Be5 g6 20. bxa5 Rxa5 21. f3 Bd8 22. Bc7 Bxc7 23. bxc7 exf3+ 24. gxf3 Qxc7 25. Qg3 e5 26. Rb3 Ra7 27. Rab1 Qe7 28. Rb8+ Kg7 29. dxe5 Rxe5 30. Qf4 g5 31. Qd4 c5 32. Qd3 Qf7 33. h4 g4 34. f4 Re4 35. Kf2 Rc7 36. Qc3+ d4 37. Qc4 dxe3+ 38. Kg1 Qxf4 39. Qd4+ Re5 40. R1b2 g3 41. Rc8 e2 42. Rg8+ Kh6 43. Rg6+ Kh5 44. Rxe2 Rxe2 45. Qd5+ Re5 0-1

[Event "Ostroda op"]
[Site "Ostroda"]
[Date "2007.08.09"]
[Round "6"]
[White "Czartoryski, Pawel"]
[Black "Musialkiewicz, Jan"]
[Result "1/2-1/2"]
[WhiteElo "2066"]
[BlackElo "1926"]
[PlyCount "47"]
[EventDate "2007.08.06"]
[EventType "swiss"]
[EventRounds "9"]
[EventCountry "POL"]
[SourceTitle "EXT 2009"]
[Source "ChessBase"]
[SourceDate "2008.11.26"]
[SourceVersion "1"]
[SourceVersionDate "2008.11.26"]
[SourceQuality "1"]

1. d4 d5 2. c4 dxc4 3. Nc3 e5 4. d5 c6 5. e4 Nf6 6. Bxc4 b5 7. Bb3 b4 8. Na4 Nxe4 9. Qe2 cxd5 10. Qb5+ Qd7 11. Qxd5 Bb7 12. Qxe5+ Qe7 13. Nf3 Nd7 14. Qxe7+ Bxe7 15. 0-0 0-0 16. Be3 Ndc5 17. Nxc5 Nxc5 18. Bc4 Rac8 19. Rac1 a5 20. Ne5 Ba6 21. Bxa6 Nxa6 22. Nc6 Bf6 23. Bd4 Nb8 24. Bxf6 1/2-1/2

[Event "Ostroda op"]
[Site "Ostroda"]
[Date "2007.08.08"]
[Round "4"]
[White "Czartoryski, Pawel"]
[Black "Lipski, Tadeusz"]
[Result "1/2-1/2"]
[WhiteElo "2066"]
[BlackElo "2150"]
[PlyCount "106"]
[EventDate "2007.08.06"]
[EventType "swiss"]
[EventRounds "9"]
[EventCountry "POL"]
[SourceTitle "EXT 2009"]
[Source "ChessBase"]
[SourceDate "2008.11.26"]
[SourceVersion "1"]
[SourceVersionDate "2008.11.26"]
[SourceQuality "1"]

1. d4 d5 2. c4 Nc6 3. Nf3 Bg4 4. e3 e5 5. dxe5 d4 6. Be2 Bb4+ 7. Kf1 dxe3 8. Bxe3 Qxd1+ 9. Bxd1 Nxe5 10. Ba4+ Bd7 11. Bxd7+ Nxd7 12. a3 Bc5 13. Bf4 0-0-0 14. Nc3 Ngf6 15. b4 Bd6 16. Bxd6 cxd6 17. Nb5 Nb6 18. c5 dxc5 19. bxc5 Nc4 20. Nxa7+ Kb8 21. Nb5 Rd5 22. g3 g5 23. Kg2 Rxc5 24. a4 g4 25. Nfd4 Rd8 26. Rhc1 Rdc8 27. Nb3 Rd5 28. Rab1 h5 29. Re1 Ne5 30. Na5 Rcd8 31. Re2 Nfd7 32. Reb2 b6 33. Nb3 Nc4 34. Rc2 Nde5 35. Rbc1 Nd2 36. N3d4 Ndf3 37. Nc6+ Nxc6 38. Rxc6 R5d7 39. Rxb6+ Rb7 40. Rf6 Rd5 41. Rh6 Rbd7 42. Rb6+ Rb7 43. Rbc6 Rbd7 44. Nc3 Rd3 45. Rc5 Re7 46. Rxh5 Re1 47. Rxe1 Nxe1+ 48. Kf1 Nf3 49. Ne4 Rd4 50. Nc5 Kc7 51. a5 Kc6 52. Ke2 f6 53. h4 Rd2+ 1/2-1/2

[Event "Kowalewo Pomorskie op-A"]
[Site "Kowalewo Pomorskie"]
[Date "2007.07.10"]
[Round "9"]
[White "Ziolkowski, Dawid"]
[Black "Czartoryski, Pawel"]
[Result "1/2-1/2"]
[WhiteElo "2245"]
[BlackElo "2066"]
[PlyCount "71"]
[EventDate "2007.07.04"]
[EventType "swiss"]
[EventRounds "9"]
[EventCountry "POL"]
[SourceTitle "CBM 119 Extra"]
[Source "ChessBase"]
[SourceDate "2007.09.04"]
[SourceVersion "1"]
[SourceVersionDate "2007.09.04"]
[SourceQuality "1"]

1. e4 c5 2. Nf3 d6 3. d4 cxd4 4. Nxd4 Nf6 5. Nc3 g6 6. Be3 Bg7 7. Be2 0-0 8. 0-0 Nc6 9. Kh1 Bd7 10. f4 Rc8 11. Bf3 Qa5 12. Nb3 Qc7 13. Qe1 Nb4 14. Qf2 Bg4 15. e5 dxe5 16. fxe5 Qxe5 17. Bxb7 Rcd8 18. Bc5 Qc7 19. Bf3 Bxf3 20. Bxb4 Ba8 21. Ba5 Qb7 22. Bxd8 Rxd8 23. Rad1 Rf8 24. Rd3 h5 25. h3 h4 26. Rfd1 e5 27. Nd5 Nxd5 28. Rxd5 Qc8 29. Rd7 Bc6 30. R7d6 Qxh3+ 31. Kg1 Qg4 32. R1d3 Be4 33. Rh3 g5 34. c4 Rc8 35. c5 Bf8 36. Rf6 1/2-1/2

[Event "Kowalewo Pomorskie op-A"]
[Site "Kowalewo Pomorskie"]
[Date "2007.07.08"]
[Round "6"]
[White "Jaroch, Karol"]
[Black "Czartoryski, Pawel"]
[Result "1-0"]
[WhiteElo "2174"]
[BlackElo "2066"]
[PlyCount "87"]
[EventDate "2007.07.04"]
[EventType "swiss"]
[EventRounds "9"]
[EventCountry "POL"]
[SourceTitle "CBM 119 Extra"]
[Source "ChessBase"]
[SourceDate "2007.09.04"]
[SourceVersion "1"]
[SourceVersionDate "2007.09.04"]
[SourceQuality "1"]

1. e4 c5 2. a3 g6 3. d4 Bg7 4. Nf3 cxd4 5. Nxd4 d6 6. Be3 Nf6 7. Nc3 0-0 8. Qd2 Nc6 9. Nb3 Be6 10. Nd4 Bd7 11. f3 Ne5 12. g4 Qb6 13. 0-0-0 Qd8 14. h4 h5 15. g5 Ne8 16. f4 Ng4 17. Bg1 e5 18. fxe5 Bxe5 19. Nf3 Bh8 20. Nd5 Bc6 21. Bh3 Ne5 22. Nxe5 Bxe5 23. Bh2 Nc7 24. Bxe5 dxe5 25. Nf6+ Kg7 26. Qb4 Qb8 27. Bd7 Na6 28. Qa5 Qc7 29. Qxc7 Nxc7 30. Bxc6 bxc6 31. Rd6 Rfd8 32. Rxc6 Ne6 33. Nd5 Nd4 34. Rc7 Ne2+ 35. Kb1 Ng3 36. Re1 Nxe4 37. Rxe4 Rxd5 38. Re7 Rc8 39. c4 Rd4 40. Rxd4 exd4 41. b3 Rd8 42. Kc2 a6 43. Kd3 Kf8 44. Re4 1-0

[Event "POL Academic Cup 2nd"]
[Site "Wroclaw"]
[Date "2007.05.02"]
[Round "6"]
[White "Czapiewska, Izabela"]
[Black "Czartoryski, Pawel"]
[Result "0-1"]
[WhiteElo "1984"]
[BlackElo "2061"]
[PlyCount "68"]
[EventDate "2007.04.28"]
[EventType "swiss"]
[EventRounds "9"]
[EventCountry "POL"]
[SourceTitle "EXT 2011"]
[Source "ChessBase"]
[SourceDate "2010.11.26"]
[SourceVersion "1"]
[SourceVersionDate "2010.11.26"]
[SourceQuality "1"]

1. c4 d6 2. Nc3 Nf6 3. g3 g6 4. Bg2 Bg7 5. d3 0-0 6. e4 Nc6 7. Nge2 e5 8. 0-0 Be6 9. h3 Nd7 10. Kh2 Nc5 11. a3 a5 12. Be3 Bd7 13. Rb1 Nd4 14. b4 axb4 15. axb4 Ba4 16. Nxa4 Nxa4 17. Bxd4 exd4 18. Ra1 Nc3 19. Qc2 Qf6 20. Nf4 c6 21. Kg1 h5 22. Ne2 h4 23. g4 Rfe8 24. Rfe1 Bh6 25. Rxa8 Rxa8 26. Nxc3 dxc3 27. e5 dxe5 28. Qxc3 Ra2 29. Rf1 Qf4 30. Qb3 Qd2 31. b5 Be3 32. bxc6 Bxf2+ 33. Kh1 Bg3 34. Qxa2 Qxa2 0-1

[Event "POL Academic Cup 2nd"]
[Site "Wroclaw"]
[Date "2007.04.30"]
[Round "4"]
[White "Kotermanska, Anna"]
[Black "Czartoryski, Pawel"]
[Result "1-0"]
[WhiteElo "1944"]
[BlackElo "2061"]
[PlyCount "83"]
[EventDate "2007.04.28"]
[EventType "swiss"]
[EventRounds "9"]
[EventCountry "POL"]
[SourceTitle "EXT 2011"]
[Source "ChessBase"]
[SourceDate "2010.11.26"]
[SourceVersion "1"]
[SourceVersionDate "2010.11.26"]
[SourceQuality "1"]

1. e4 d6 2. d4 Nf6 3. Nc3 g6 4. Nf3 Bg7 5. Be2 0-0 6. 0-0 c6 7. a4 Qc7 8. Be3 Ng4 9. Bf4 e5 10. Bg3 Nd7 11. h3 Ngf6 12. Qd2 Re8 13. dxe5 dxe5 14. Rfe1 Nc5 15. Bc4 Nh5 16. Bh2 Be6 17. Qe2 Rad8 18. Rad1 a6 19. g4 Nf4 20. Bxf4 exf4 21. Bxe6 Nxe6 22. Rxd8 Rxd8 23. e5 b5 24. Qe4 h6 25. Ne2 Qa5 26. Nxf4 Nd4 27. c3 Nxf3+ 28. Qxf3 bxa4 29. e6 fxe6 30. Nxg6 a3 31. Ne7+ Kh8 32. Nxc6 Qd5 33. Qxd5 Rxd5 34. bxa3 Rd3 35. Kg2 Rxc3 36. Rxe6 Rxa3 37. Re8+ Kh7 38. f4 Rc3 39. Re6 Kg8 40. Na5 Kf7 41. Rxa6 Rc2+ 42. Kf3 1-0

[Event "POL Academic Cup 2nd"]
[Site "Wroclaw"]
[Date "2007.04.29"]
[Round "3"]
[White "Czartoryski, Pawel"]
[Black "Kmiecik, Emilia"]
[Result "1-0"]
[WhiteElo "2061"]
[BlackElo "1879"]
[PlyCount "71"]
[EventDate "2007.04.28"]
[EventType "swiss"]
[EventRounds "9"]
[EventCountry "POL"]
[SourceTitle "EXT 2011"]
[Source "ChessBase"]
[SourceDate "2010.11.26"]
[SourceVersion "1"]
[SourceVersionDate "2010.11.26"]
[SourceQuality "1"]

1. d4 Nf6 2. c4 e6 3. g3 d5 4. Bg2 c6 5. b3 Be7 6. Nf3 Nbd7 7. 0-0 0-0 8. Nbd2 h6 9. Bb2 dxc4 10. Nxc4 Nd5 11. e4 N5b6 12. Ne3 a5 13. Nd2 Nf6 14. Qc2 Bd7 15. Rac1 a4 16. Bc3 axb3 17. axb3 Ba3 18. Ra1 Qe7 19. Ra2 Bb4 20. Rfa1 Rxa2 21. Rxa2 Ra8 22. Rxa8+ Nxa8 23. Ndc4 Nc7 24. Ba1 Nb5 25. Qa2 Qd8 26. d5 exd5 27. Bxf6 gxf6 28. exd5 c5 29. Qe2 Nd4 30. Qh5 Qf8 31. Nb6 Bb5 32. Ng4 Qe7 33. Be4 f5 34. Nxh6+ Kg7 35. Nxf5+ Nxf5 36. Qxf5 1-0

[Event "Ketrzyn op 9th"]
[Site "Ketrzyn"]
[Date "2006.12.30"]
[Round "9.7"]
[White "Stetsko, Lanita"]
[Black "Czartoryski, Pawel"]
[Result "1/2-1/2"]
[WhiteElo "1947"]
[BlackElo "2065"]
[PlyCount "77"]
[EventDate "2006.12.27"]
[EventType "swiss"]
[EventRounds "9"]
[EventCountry "POL"]
[SourceTitle "EXT 2023"]
[Source "ChessBase"]
[SourceDate "2022.10.05"]
[SourceVersion "1"]
[SourceVersionDate "2022.10.05"]
[SourceQuality "1"]

1. e4 d6 2. d4 Nf6 3. Nc3 g6 4. g3 Bg7 5. Bg2 0-0 6. Nge2 Nc6 7. 0-0 e5 8. dxe5 dxe5 9. Bg5 Be6 10. Nd5 Bxd5 11. exd5 Ne7 12. c4 h6 13. Bd2 Nf5 14. Bc3 Nd7 15. Qd2 Re8 16. b4 Rb8 17. Bb2 b6 18. Nc3 Nd6 19. Qe2 e4 20. Nd1 Ne5 21. Ne3 Nf3+ 22. Kh1 Bxb2 23. Qxb2 Ne5 24. Qd4 f5 25. Rac1 Nd3 26. Rb1 Nf7 27. f3 c5 28. bxc5 bxc5 29. Qc3 Qg5 30. Nc2 exf3 31. Qxd3 fxg2+ 32. Kxg2 Ne5 33. Qe3 Rxb1 34. Rxb1 Ng4 35. Qd3 f4 36. Rf1 f3+ 37. Rxf3 Qh5 38. h3 Ne5 39. g4 1/2-1/2